Noem de meest bekende namen voor positie's bij het voetballen - Statistieken

Algemene statistieken
  • Deze quiz is 120 keer genomen
  • De gemiddelde score is 7 van 30
Antwoordstatistieken
Antwoord % Correct
Keeper
84%
Spits
82%
Middenvelder
63%
Verdediger
54%
Linksback
50%
Rechtsback
46%
Rechtsbuiten
45%
Linksbuiten
44%
Centrale verdediger
39%
Doelman
36%
Links achter
33%
Rechtsachter
32%
Aanvallende middenvelder
31%
Voorstopper
19%
Libero
14%
Wing back
11%
Linkshalf
7%
Rechtshalf
7%
Vleugelspeler
6%
Centrale aanvaller
4%
Linker centrale verdediger
4%
Rechter centrale verdediger
4%
Stopper
4%
Centrale verdedigende middenvelder
3%
Flankaanvaller
3%
Centrale aanvallende middenvelder
2%
Buitenspeler
1%
Diepe spits
1%
Tweede spits
0%
Vrije verdediger
0%
Geen overeenkomende quizzen gevonden
Scoreverdeling
Procent van Mensen met Elke Score
Percentiel versus Aantal Correcte Antwoorden
Uw Scoregeschiedenis
U heeft deze quiz nog niet genomen